00609cam a22002411 4500001001300000003000400013005001700017008004100034010001700075035002000092040001800112042001200130043001200142050001700154100002900171245002700200260001100227300002200238500001400260504003100274650004500305999001700350sa 64006982 DLC20260227112043.0890719s1962 ii b 000 0 orio  asa 64006982  a(OCoLC)20033881 aDLCcWaUdDLC apremarc aa-ii---00aPK2571b.P331 aPatnaik, Pathani,d1928-10aSāhitya parikramā. c[1962] a2, 162 p.c18 cm. aIn Oriya. aBibliographical footnotes. 0aOriya literaturexHistory and criticism. c59982d59982